Second 'I' Countries Quiz Stats

 Plays Quiz Updated Feb 26, 2015

Score 0/16 Timer 05:00
5 Plays Today
Country % Correct
Finland
85.9%
Libya
78.4%
Niger
77.3%
Nigeria
76.8%
Lithuania
76.4%
Liberia
74.2%
Zimbabwe
73.3%
Fiji
72.7%
Country % Correct
Liechtenstein
71.3%
Kiribati
67%
Vietnam
65.3%
Nicaragua
62.5%
Singapore
59.7%
Micronesia
56.3%
Timor-Leste
50.4%
Sierra Leone
45.6%

You're not logged in!

Compare scores with friends on all Sporcle quizzes.
OR
Log In

Sporcle TV

Today on Sporcle TV


Watch our educational content, quiz creation guides, and fun videos on Sporcle TV.

Show Comments

Extras

Top Quizzes Today


Score Distribution

Your Account Isn't Verified!

In order to create a playlist on Sporcle, you need to verify the email address you used during registration. Go to your Sporcle Settings to finish the process.

Report this User

Report this user for behavior that violates our Community Guidelines.

Details: